00290nam a2200121Ia 4500008004100000100001900041245002500060260003000085300000900115650002000124942000700144999001700151190216s9999||||xx |||||||||||||| ||und|| aPhilip K Hitti 0aHistory Of The Arabs bMacmillan India Ltdc1985 a822p aIslamic History cBK c21998d21998